Statistics for Countries Containing V

Click here to take the quiz!

General Stats

  • This quiz has been taken 398 times
  • The average score is 14 of 18

Answer Stats

Americas% Correct
Venezuela
96%
Vanuatu
93%
Vietnam
93%
Vatican City
91%
Slovakia
88%
Slovenia
87%
Latvia
86%
Tuvalu
86%
Saint Vincent & The Grenadines
81%
Bolivia
78%
Moldova
75%
Bosnia and Herzegovina
73%
Saint Kitts & Nevis
72%
Kosovo
70%
El Salvador
64%
Cote D'Ivoire
62%
Cape Verde
58%
Maldives
53%

Score Distribution

Percentile by Number Answered

Percent of People with Each Score

Your Score History

You have not taken this quiz